书目信息 |
| 题名: |
做事先做人全集
|
|
| 作者: | 翟鸿燊 , 马一 编著 | |
| 分册: | ||
| 出版信息: | 北京 海潮出版社 2006 |
|
| 页数: | 364页 | |
| 开本: | 26cm | |
| 丛书名: | ||
| 单 册: | ||
| 中图分类: | B821-49 | |
| 科图分类: | ||
| 主题词: | 人生哲学--通俗读物 , 人生哲学 | |
| 电子资源: | ||
| ISBN: | 7-80213-093-X | |
| 000 | 00943nam0-2200265 450- | |
| 001 | 0100006087 | |
| 005 | 20160314152438.11 | |
| 010 | @a7-80213-093-X@dCNY36.00 | |
| 100 | @a20060104d2006 em y0chiy50 ea | |
| 101 | 0 | @achi |
| 102 | @aCN@b110000 | |
| 105 | @aa z 000yy | |
| 200 | 1 | @a做事先做人全集@9zuo shi xian zuo ren quan ji@b专著@e经典收藏本@e赢家凭什么@f翟鸿燊,马一编著@Fzhai hong ma yi bian zhu |
| 210 | @a北京@c海潮出版社@d2006 | |
| 215 | @a364页@c图@d26cm | |
| 330 | @a本书内容包括:做人要让兴趣与吃饭统一、做人要追求成功也要讲游戏规则、做一个不吃亏的老实人、做人做到高水准、做人慎防“聪明反被聪明误”、说话到位是天才等。 | |
| 517 | 1 | @a赢家凭什么@9ying jia ping shen me |
| 606 | 0 | @a人生哲学@j通俗读物 |
| 606 | 0 | @a人生哲学 |
| 690 | @aB821-49@v4 | |
| 701 | 0 | @a翟鸿燊@9zhai hong@4编著 |
| 701 | 0 | @a马一@9ma yi@c(人生哲学)@4编著 |
| 801 | @aCN@bnygyxylib | |
| 901 | @a000010 | |
| 905 | @dB821-49@b683025-7@eZ046@f3 | |
| 做事先做人全集:经典收藏本:赢家凭什么/翟鸿燊,马一编著.-北京:海潮出版社,2006 |
| 364页:图;26cm |
| ISBN 7-80213-093-X:CNY36.00 |
| 本书内容包括:做人要让兴趣与吃饭统一、做人要追求成功也要讲游戏规则、做一个不吃亏的老实人、做人做到高水准、做人慎防“聪明反被聪明误”、说话到位是天才等。 |
| ● |
| 相关链接 |
|
|
|
正题名:做事先做人全集
索取号:B821-49/Z046
 
预约/预借
| 序号 | 登录号 | 条形码 | 馆藏地/架位号 | 状态 | 备注 |
| 1 | 1222312 | 212223128 | 社科库509/509社科库 27排3列6层/ [索取号:B821-49/Z046] | 在馆 | |
| 2 | 683025 | 206830250 | 社科库509/509社科库 27排3列6层/ [索取号:B821-49/Z046] | 在馆 | |
| 3 | 683026 | 206830269 | 社科库509/509社科库 27排3列6层/ [索取号:B821-49/Z046] | 在馆 | |
| 4 | 683027 | 206830278 | 社科库509/509社科库 27排3列6层/ [索取号:B821-49/Z046] | 在馆 |